000 00928nam a22002897a 4500
001 6943
003 FISKH
005 20250611111617.0
008 250611b cb ||||| |||| 00| 0 eng d
020 _a9780590476942
040 _aFISKH
_beng
_cFISKH
_dFISKH
050 _aPZ7.H3914 D
082 _a558
100 _aHennessy, B. G.
245 _aThe Dinosaur who lived in my backyard /
_cH. G. Hennessy ; Pictures by Susan Davis
250 _aFirst Scholastic printing, September 1993.
260 _aNew York :
_bScholastic,
_c1988
300 _a30 unnumbered pages :
_bcolor illstrations ;
_c19 x 23 cm
505 _aL
520 _aA young boy imagines what it was like long ago when a dinosaur lived in his backyard.
521 8 _a520
_bLexile AD
521 8 _aL
_bRaz-Plus
650 _aAnimals
_vDinosaur
_xBackyard
700 _aDavis, Susan
_eillustrator
942 _2ddc
_cBK
_n0
999 _c6943
_d6943